Colección de documentos para la historia de la formación social de Hispanoamérica: 1493 - 1810
Salvato in:
| Autore principale: | |
|---|---|
| Natura: | Libro |
| Lingua: | spagnolo |
| Pubblicazione: |
Madrid
Consejo Superior de Investigaciones Científicas
1953
|
| Soggetti: | |
| Tags: |
Aggiungi Tag
Nessun Tag, puoi essere il primo ad aggiungerne!!
|
MARC
| LEADER | 00000nam a2200000 a 4500 | ||
|---|---|---|---|
| 001 | UCS9205 | ||
| 003 | CL-VaPUC | ||
| 008 | 971113e19530000SP |||||||||||||||||spa|d | ||
| 082 | 0 | 4 | |a 340.098 |b KON |2 21 |
| 100 | |a Konetzke, Richard |e author |9 587872 | ||
| 245 | 1 | 0 | |a Colección de documentos para la historia de la formación social de Hispanoamérica: 1493 - 1810 |
| 300 | |a v | ||
| 942 | |c BK | ||
| 945 | |d 19971113 00:00:00 |a cmena | ||
| 260 | |a Madrid |b Consejo Superior de Investigaciones Científicas |c 1953 | ||
| 500 | |a v.1: 1493 - 1592 | ||
| 500 | |a v.2 t.1: 1593 - 1659 | ||
| 500 | |a v.3 t.1: 1691 - 1779 | ||
| 500 | |a v.3 t.2: 1780 - 1807 | ||
| 650 | 0 | |a Derecho Indiano |9 256266 | |
| 650 | 7 | |a CEDULARIO INDIANO |2 CL-VaPUC |9 394272 | |
| 650 | 7 | |a ORDENANZAS DE INDIAS |2 CL-VaPUC |9 394273 | |
| 650 | 7 | |a DECRETOS |2 CL-VaPUC |9 309678 | |
| 650 | 0 | |a Estado |9 255503 | |
| 650 | 0 | |a Derecho y política |9 257017 | |
| 650 | 0 | |a Poder político |9 255509 | |
| 650 | 0 | |a Desarrollo económico y social |9 256320 | |
| 650 | 0 | |a Cambio social |9 256857 | |
| 650 | 0 | |a Derecho público |9 255910 | |
| 650 | 7 | |a DESCUBRIMIENTOS CIENTIFICOS |2 CL-VaPUC |9 334499 | |
| 651 | 0 | |a América |9 255182 | |
| 583 | |a last modification |c 19971113 00:00:00 |k Rodrigo Vera | ||
| 999 | |c 263199 |d 263197 | ||
| 952 | |0 0 |1 0 |4 0 |6 340_098000000000000_KON_1953 |7 0 |8 DER_HDC |9 292350 |a BIBDER |b BIBDER |d 2019-11-19 |h v.2 t.1 |i 1900617 |o 340.098 KON 1953 |p 1900617 |r 2023-01-25 |w 2019-11-19 |x Ubicación 4to Piso |y BK |z Estos recursos deben solicitarse con anticipación |k DER | ||
| 952 | |0 0 |1 0 |4 0 |6 340_098000000000000_KON_1953 |7 0 |8 DER_HDC |9 292351 |a BIBDER |b BIBDER |d 2019-11-19 |h v.3 t.1 |i 190051K |o 340.098 KON 1953 |p 190051K |r 2023-01-25 |w 2019-11-19 |x Ubicación 4to Piso |y BK |z Estos recursos deben solicitarse con anticipación |k DER | ||
| 952 | |0 0 |1 0 |4 0 |6 340_098000000000000_KON_1953 |7 0 |8 DER_HDC |9 292352 |a BIBDER |b BIBDER |d 2019-11-19 |h v.3 t.2 |i 1900994 |o 340.098 KON 1953 |p 1900994 |r 2023-01-25 |w 2019-11-19 |x Ubicación 4to Piso |y BK |z Estos recursos deben solicitarse con anticipación |k DER | ||
| 952 | |0 0 |1 0 |4 0 |6 340_098000000000000_KON_1953 |7 0 |8 A |9 292353 |a BIBHIS |b BIBHIS |d 2019-11-19 |h v.1 |i 1258478 |o 340.098 KON 1953 |p 1258478 |r 2025-01-20 |w 2019-11-19 |y BK |k HIS | ||
| 952 | |0 0 |1 0 |4 0 |6 340_098000000000000_KON_1953 |7 0 |8 A |9 292354 |a BIBHIS |b BIBHIS |d 2019-11-19 |h v.1 |i 1258486 |l 1 |o 340.098 KON 1953 |p 1258486 |r 2025-01-20 |s 2021-06-22 |w 2019-11-19 |y BK |k HIS | ||
| 952 | |0 0 |1 0 |4 0 |6 340_098000000000000_KON_1953 |7 0 |8 A |9 292355 |a BIBHIS |b BIBHIS |d 2019-11-19 |h v.2 t.1 |i 1258494 |l 2 |o 340.098 KON 1953 |p 1258494 |r 2025-01-20 |s 2021-10-18 |w 2019-11-19 |y BK |k HIS | ||